An introduction to fluid dynamics

Kaydedildi:
Detaylı Bibliyografya
Yazar: Batchelor, G. K (Yazar)
Materyal Türü: Kitap
Dil:İngilizce
Baskı/Yayın Bilgisi: Cambridge Cambridge University Press 2000
Edisyon:1a. ed
Seri Bilgileri:Cambridge Mathematical Library
Konular:
Etiketler: Etiketle
Etiket eklenmemiş, İlk siz ekleyin!

MARC

LEADER 00000cam a2200000 a 4500
001 UCC6924
003 CL-VaPUC
008 190118e20000000us |||||||||||||||||eng|d
020 |a 9780521663960 
082 0 4 |a 532  |b BAT  |2 21 
100 0 |a Batchelor, G. K  |e author  |9 601460 
245 1 3 |a An introduction to fluid dynamics 
250 |a 1a. ed 
300 |a 615 p 
942 |c BK 
945 |d 20190118 13:18:00  |a dcastane 
260 |a Cambridge  |b Cambridge University Press  |c 2000 
650 0 |a Mecánica de fluidos   |9 259464 
650 0 |a Dinámica de fluidos  |9 260582 
650 0 |a Estática de fluidos   |9 375305 
583 |a last modification  |c 20190118 13:18:00  |k Rodrigo Vera 
490 0 |a Cambridge Mathematical Library 
999 |c 373749  |d 373747 
952 |0 0  |1 0  |3 erb  |4 0  |6 532_000000000000000_BAT_2000  |7 0  |8 A  |9 491977  |a BIBMAT  |b BIBMAT  |i 5530164  |o 532 BAT 2000  |p 5530164  |r 2025-01-07  |w 2019-11-24  |y BK  |z Catalogado en:20190118  |k MAT